Textbook on First Aid & Emergency Nursing (Record no. 158816)
[ view plain ]
| 000 -LEADER | |
|---|---|
| fixed length control field | 00299 a2200109 4500 |
| 020 ## - INTERNATIONAL STANDARD BOOK NUMBER | |
| International Standard Book Number | 9789352705269 |
| 100 ## - MAIN ENTRY--PERSONAL NAME | |
| Personal name | Clement I. |
| 9 (RLIN) | 119826 |
| 245 ## - TITLE STATEMENT | |
| Title | Textbook on First Aid & Emergency Nursing |
| 250 ## - EDITION STATEMENT | |
| Edition statement | 2nd |
| 260 ## - PUBLICATION, DISTRIBUTION, ETC. (IMPRINT) | |
| Name of publisher, distributor, etc. | Jaypee Brothers Medical Publisher |
| Date of publication, distribution, etc. | 2019 |
| 650 ## - SUBJECT ADDED ENTRY--TOPICAL TERM | |
| Topical term or geographic name as entry element | NURSING FOUNDATION |
| 9 (RLIN) | 181734 |
| Withdrawn status | Lost status | Source of classification or shelving scheme | Damaged status | Not for loan | Home library | Current library | Date acquired | Vendor | Cost, normal purchase price | Full call number | Barcode | Date last seen | Cost, replacement price | Bill Date | Koha item type | Original Barcode |
|---|---|---|---|---|---|---|---|---|---|---|---|---|---|---|---|---|
| Dewey Decimal Classification | Sitabai Nargundkar College of Nursing Nagpur | Sitabai Nargundkar College of Nursing Nagpur | 19/05/2023 | 102 | 559.00 | 616.0252/ CLE | SNCN-BK-3190 | 19/05/2023 | 895.00 | 19/05/2023 | Books | 3190 |